000 01299nam a2200325 4500
003 EG-GICUC
005 20260121101652.0
008 260106s1979 ua ||||fr|||| 000 0 ara d
040 _a EG-GICUC
_bara
_c EG-GICUC
_d EG-GICUC
_erda
041 0 _aara
082 0 4 _221
_a345.451
_bع م . س
092 0 4 _221
099 _aLaw1 07 345.451 1979 ع م . س
100 0 _aعمرو فؤاد احمد لركات
_eمؤلف.
245 1 2 _aالسلطات التأديبية :
_bدراسة مقارنة /
_cدكتور عمرو فؤاد احمد لركات.
264 1 _aالقاهرة :
_bدار النهضة العريية،
_c1979.
300 _a396 صفحة ؛
_c24 سم.
_bإيضاحيات، صور، مثيليات ؛
336 _2rda content
_atext
337 _2rda media
_aComputer
338 _2rda carrier
_aOnline Resource
504 _a. 388-381 ببليوجرافيا: صفحات.
546 _aالنص باللغة العربية
650 1 4 _aالسلطات التاديبية
_2qrmak
650 1 4 _aاجراءات وضمانات تأديب العاملين المدنين بالدولة
650 1 4 _aحقوق الموظف العام
_2qrmak
651 1 _2qrmak
856 4 0 _uhttps://fll.law.cu.edu.eg/fulltext/bks/B07-01669.pdf
905 _a79
942 _2ddc
_n0
_cBK
_e21
999 _c54824
_d54824